| 000 | 01099cam a2200253 i 4500 | ||
|---|---|---|---|
| 003 | SA-RiAUC | ||
| 005 | 20240916133738.0 | ||
| 008 | 240912s2006 su g 000 0 ara c | ||
| 040 |
_aSA-RiIMS _bara _cSA-RiAUC _erda |
||
| 082 | 0 | 4 | _a214.337 |
| 090 |
_a214.337 _bش م ر |
||
| 100 | 1 |
_aالشمراني، خالد بن عبد الله بن دايل _eمؤلف. |
|
| 245 | 1 | 2 |
_aالمقاطعة الاقتصادية : _bحقيقتها وحكمها : دراسة فقهية تأصيلية / _cخالد بن عبدالله دايل الشمراني. |
| 250 | _aالطبعة الأولى. | ||
| 264 | 1 |
_aالدمام، السعودية : _bدار ابن الجوزي للنشر والتوزيع، _c2006 |
|
| 300 |
_a88 صفحة ؛ _c21 سم. |
||
| 336 |
_aنص _btxt _2rdacontent _3كتاب |
||
| 337 |
_aبدون وسيط _bn _2rdamedia |
||
| 338 |
_aمجلد _bnc _2rdacarrier |
||
| 490 | 0 |
_aسلسلة البحوث الفقهية المحكمة ؛ _v3 |
|
| 650 | 7 |
_aالإسلام والمقاطعة الاقتصادية _2aucsh |
|
| 942 |
_2ddc _cBOOK |
||
| 949 |
_aSA-JeALM _d240912 _umohamedma123 _n1 |
||
| 999 |
_c294 _d294 |
||